Music Quiz

Random Music or Album Quiz

Bob Dylan Albums Quiz Stats

 Plays Quiz Updated Jun 7, 2019

Score 0/38 Timer 07:00
2 Plays Today
Year Album Title % Correct
1966Blonde On Blonde
89.4%
1962Bob Dylan
89.1%
1975Blood On The Tracks
84.9%
1965Highway 61 Revisited
84%
1963The Freewheelin' Bob Dylan
82%
1964The Times They Are A-Changin'
73.3%
1969Nashville Skyline
70.2%
1965Bringing It All Back Home
69.5%
1976Desire
69.5%
1964Another Side Of Bob Dylan
69.3%
1967John Wesley Harding
69.1%
2017Triplicate
68%
2006Modern Times
65.1%
2012Tempest
64.4%
1970Self Portrait
63.2%
2016Fallen Angels
58.9%
1997Time Out Of Mind
58.4%
1973Dylan
57.5%
1979Slow Train Coming
57.1%
Year Album Title % Correct
2001'Love and Theft'
56.7%
1975The Basement Tapes
56.5%
2015Shadows in the Night
55%
1980Saved
53.5%
1970New Morning
53.4%
1974Planet Waves
52.8%
1983Infidels
52.8%
1978Street Legal
51%
1989Oh Mercy
49.5%
1973Pat Garrett & Billy The Kid
48.1%
1985Empire Burlesque
46.7%
1981Shot Of Love
45.5%
1990Under The Red Sky
43.7%
2009Together Through Life
42.3%
1986Knocked Out Loaded
39.4%
1993World Gone Wrong
38.7%
1992Good As I Been To You
37.8%
2009Christmas in the Heart
37.4%
1988Down In The Groove
35.9%

You're not logged in!

Compare scores with friends on all Sporcle quizzes.
OR
Log In

Sporcle TV

Today on Sporcle TV


Watch our educational content, quiz creation guides, and fun videos on Sporcle TV.

Show Comments

Extras

Top Quizzes Today


Score Distribution

Your Account Isn't Verified!

In order to create a playlist on Sporcle, you need to verify the email address you used during registration. Go to your Sporcle Settings to finish the process.

Report this User

Report this user for behavior that violates our Community Guidelines.

Details: